000 01425pam a2200385 a 4500
001 1086229
003 OSt
005 20260121115443.0
008 920128s1992 nyua b 001 0 eng
010 _a 92003915
020 _a080773134X
035 _a1086229
040 _aDLC
_cDLC
_dDLC
043 _an-us---
050 0 0 _aLB1583.8
_b.B67 1992
082 0 0 _a372.6/4
_220
100 1 _aBosma, Bette,
_d1927-
245 1 0 _aFairy tales, fables, legends, and myths :
_busing folk literature in your classroom /
_cBette Bosma.
250 _a2nd ed.
260 _aNew York :
_bTeachers College Press,
_cc1992.
300 _aix, 190 p. :
_bill. ;
_c22 cm.
336 _atext
_btxt
_2rdacontent
337 _aunmediated
_bn
_2rdamedia
338 _avolume
_bnc
_2rdacarrier
504 _aIncludes bibliographical references (p. 179-182) and index.
650 0 _aFolklore and education
_zUnited States.
650 0 _aFolk literature
_xStudy and teaching (Elementary)
_zUnited States.
650 0 _aReading (Elementary)
_zUnited States.
650 0 _aEnglish language
_zUnited States
_xComposition and exercises.
650 0 _aActivity programs in education
_zUnited States.
906 _a7
_bcbc
_corignew
_d1
_eocip
_f19
_gy-gencatlg
942 _2lcc
_cBK
999 _c265728
_d265727